रैदास और आखिरी चिट्ठी / (Record no. 114847)
[ view plain ]
| 000 -LEADER | |
|---|---|
| fixed length control field | 01087nam a22002777a 4500 |
| 003 - CONTROL NUMBER IDENTIFIER | |
| control field | dpl |
| 005 - DATE AND TIME OF LATEST TRANSACTION | |
| control field | 20180703163107.0 |
| 008 - FIXED-LENGTH DATA ELEMENTS--GENERAL INFORMATION | |
| fixed length control field | 180703b xxu||||| |||| 00| 0 eng d |
| 010 ## - LIBRARY OF CONGRESS CONTROL NUMBER | |
| LC control number | B-071524 |
| 020 ## - INTERNATIONAL STANDARD BOOK NUMBER | |
| Terms of availability | 150.00 |
| International Standard Book Number | 8186704779 |
| 035 ## - SYSTEM CONTROL NUMBER | |
| System control number | B-071524, B-071528 |
| 037 ## - SOURCE OF ACQUISITION | |
| Source of stock number/acquisition | Cen Lib/Ret |
| 040 ## - CATALOGING SOURCE | |
| Original cataloging agency | DPL |
| Language of cataloging | HN |
| Transcribing agency | 0 |
| 082 ## - DEWEY DECIMAL CLASSIFICATION NUMBER | |
| Classification number | उ |
| Item number | लोमश |
| 100 ## - MAIN ENTRY--PERSONAL NAME | |
| Personal name | लोमश, सुकुल |
| 9 (RLIN) | 58655 |
| 245 ## - TITLE STATEMENT | |
| Title | रैदास और आखिरी चिट्ठी / |
| Statement of responsibility, etc | सुकुल लोमश |
| 246 ## - VARYING FORM OF TITLE | |
| Title proper/short title | Raidas aur akhiri chitthee / |
| Remainder of title | by Sukul Lomash |
| 260 ## - PUBLICATION, DISTRIBUTION, ETC. (IMPRINT) | |
| Place of publication, distribution, etc | दिल्ली |
| Name of publisher, distributor, etc | समय प्रकाशन |
| Date of publication, distribution, etc | 2001 |
| 270 ## - ADDRESS | |
| City | दिल्ली |
| Address | 13-बी, संचार लोक अपार्टमेंट, पटपड़जंग डिपो |
| Postal code | 110092 |
| 300 ## - PHYSICAL DESCRIPTION | |
| Extent | 175पृ. |
| Dimensions | 21सेमी (सजिल्द) |
| 650 ## - SUBJECT ADDED ENTRY--TOPICAL TERM | |
| Topical term or geographic name as entry element | हिन्दी साहित्य |
| 9 (RLIN) | 58656 |
| 650 ## - SUBJECT ADDED ENTRY--TOPICAL TERM | |
| Topical term or geographic name as entry element | उपन्यास |
| 9 (RLIN) | 58657 |
| 650 ## - SUBJECT ADDED ENTRY--TOPICAL TERM | |
| Topical term or geographic name as entry element | Hindi literature |
| 9 (RLIN) | 58658 |
| 650 ## - SUBJECT ADDED ENTRY--TOPICAL TERM | |
| Topical term or geographic name as entry element | Fiction |
| 9 (RLIN) | 8901 |
| 942 ## - ADDED ENTRY ELEMENTS (KOHA) | |
| Source of classification or shelving scheme | Dewey Decimal Classification |
| Koha item type | Hindi Books |
| Classification part | उ |
| Call number suffix | लोमश |
| Withdrawn status | Lost status | Damaged status | Not for loan | Home library | Current library | Date acquired | Source of acquisition | Cost, normal purchase price | Total Checkouts | Full call number | Barcode | Date last seen | Copy number | Cost, replacement price | Price effective from | Koha item type | Public note | Source of classification or shelving scheme | Collection code | Shelving location |
|---|---|---|---|---|---|---|---|---|---|---|---|---|---|---|---|---|---|---|---|---|
| Written off | Central Library | Central Library | 18/08/2015 | Cen Lib/Ret | 150.00 | उ लोमश | B-071524 | 18/08/2015 | 1 | 150.00 | 18/08/2015 | Hindi Books | Written off on approval by DLB (By Circulation); dtd 15-06-2023 | |||||||
| Patel Nagar | Patel Nagar | 10/01/2019 | BPPD/PUB | 150.00 | उ लोमश | B-071525 | 10/01/2019 | 150.00 | 10/01/2019 | Hindi Books | Dewey Decimal Classification | Fiction | General Stacks | |||||||
| Shahdara Branch | Shahdara Branch | 03/07/2018 | BPPD/PUB | 150.00 | उ लोमश | B-071528 | 03/07/2018 | 150.00 | 03/07/2018 | Hindi Books | Dewey Decimal Classification | Fiction |
